00298nam a2200145Ia 4500003000900000008004100009040001300050040001300063041000800076100001800084245002300102300000800125490001300133490000600146IT-RoPAU120407s9999 xx 000 0 und d aIT-RoPAU cIT-RoPAU aita aTerenzio Afro aTutte le commedie. c cm aBur, 363 v1